| Tag |
First Indicator |
Second Indicator |
Subfields |
| LEADER |
00000cam a2200000 4500 |
| 001 |
in00000052900 |
| 005 |
20151007074215.0 |
| 008 |
740124s1950 enka 00000 eng u |
| 010 |
|
|
|a a 52010000
|
| 035 |
|
|
|a (OCoLC)00782084
|
| 035 |
|
|
|9 AAF1124AM
|
| 040 |
|
|
|c OUN
|d TXA
|d UtOrBLW
|
| 049 |
|
|
|a TXAM
|c [187268]
|
| 090 |
|
|
|a QL696.P2
|b L31 1950
|
| 092 |
|
|
|a 598.2
|b L141r
|
| 100 |
1 |
|
|a Lack, David,
|d 1910-1973.
|
| 245 |
1 |
0 |
|a Robin redbreast.
|
| 264 |
|
1 |
|a Oxford :
|b Clarendon Press,
|c 1950.
|
| 300 |
|
|
|a xi, 223 pages :
|b illustrations (part color) ;
|c 22 cm.
|
| 336 |
|
|
|a text
|b txt
|2 rdacontent
|
| 337 |
|
|
|a unmediated
|b n
|2 rdamedia
|
| 338 |
|
|
|a volume
|b nc
|2 rdacarrier
|
| 650 |
|
0 |
|a Robins.
|
| 650 |
|
0 |
|a Birds in literature.
|
| 999 |
|
|
|a MARS
|
| 999 |
f |
f |
|s 14c8a8e5-0f95-3cdf-863d-9a9251189a9d
|i 1479803d-0a4e-38ea-95bb-0e749a70f898
|t 0
|
| 952 |
f |
f |
|p ric
|a Texas A&M University
|b Rellis Campus
|c Joint Library Facility
|d Remote Storage
|t 0
|e QL696.P2 L31 1950
|h Library of Congress classification
|i unmediated -- volume
|m A14801021705
|
| 998 |
f |
f |
|a QL696.P2 L31 1950
|t 0
|l Remote Storage
|